[Event "13. Lichtenberger Sommer"]
[Site "?"]
[Date "2014.08.20"]
[Round "5.101"]
[White "Schweitzer, Paul"]
[Black "Abraham, Helmut"]
[Result "1/2-1/2"]
[WhiteElo "1712"]
[BlackElo "1553"]
[PlyCount "144"]
[EventDate "2014.??.??"]
[WhiteTeam "SV Königsjäger Süd-West e.V."]
[BlackTeam "SC Kreuzberg e.V."]

1. Nf3 d5 2. c4 d4 3. Qa4+ Bd7 4. Qb3 Bc6 5. a3 f6 6. Qc2 e5 7. d3 Na6 8. b4
Bd7 9. e3 c5 10. exd4 cxd4 11. Be2 Rc8 12. h4 Bd6 13. h5 Ne7 14. Qa2 Be6 15.
Nbd2 O-O 16. Ne4 Bb8 17. Bd2 b5 18. h6 g6 19. Neg5 fxg5 20. Nxg5 Bf7 21. Nxf7
Rxf7 22. cxb5 Nc7 23. Bg4 Nf5 24. Bxf5 gxf5 25. Rh5 Qd5 26. Rg5+ Kh8 27. Qc4
Qxc4 28. dxc4 Ne6 29. c5 Nxg5 30. Bxg5 e4 31. g3 Be5 32. Rc1 d3 33. Rc4 Rd7 34.
c6 Rd5 35. a4 Bc7 36. g4 fxg4 37. Bf6+ Kg8 38. Rxe4 Kf7 39. Bd4 Re8 40. Rxe8
Kxe8 41. Bxa7 Kd8 42. b6 Re5+ 43. Kd1 Re4 44. bxc7+ Kxc7 45. Bc5 Kxc6 46. Kd2
Re2+ 47. Kxd3 Ra2 48. a5 Kb5 49. Ke4 Ra3 50. Kf4 Rh3 51. Kg5 g3 52. fxg3 Rxg3+
53. Kh4 Rg6 54. Kh5 Ka6 55. Be7 Kb5 56. Bc5 Ka6 57. Be3 Kb5 58. Bd2 Ka6 59. Kh4
Kb5 60. Kh5 Ka6 61. Be1 Kb5 62. Bd2 Ka6 63. Bg5 Kb5 64. Bd2 Ka6 65. Be3 Kb5 66.
Bc5 Ka6 67. Be7 Kb5 68. Bf8 Ka6 69. Kh4 Kb5 70. Bc5 Ka6 71. Be3 Kb5 72. Bd2 Ka6
1/2-1/2

[Event "13. Lichtenberger Sommer"]
[Site "?"]
[Date "2014.08.20"]
[Round "5.102"]
[White "Glase, Johan"]
[Black "Wahner, Eberhard"]
[Result "1-0"]
[WhiteElo "1689"]
[BlackElo "1063"]
[PlyCount "97"]
[EventDate "2014.??.??"]
[WhiteTeam "Schachunion Berlin e.V."]
[BlackTeam "vereinslos"]

1. d4 Nf6 2. e3 e6 3. Bd3 d5 4. Nf3 c5 5. c3 Nc6 6. Nbd2 Be7 7. O-O O-O 8. e4
dxe4 9. Nxe4 cxd4 10. cxd4 Nxd4 11. Nxd4 Qxd4 12. Qc2 h6 13. Rd1 Nxe4 14. Bxe4
Qf6 15. Be3 a6 16. b3 Rd8 17. Qc7 Rd7 18. Qg3 Rd8 19. Rac1 e5 20. Rxd8+ Bxd8
21. Rc5 g5 22. Qxe5 Qxe5 23. Rxe5 Be6 24. Bxb7 Rb8 25. Be4 Bc7 26. Rc5 Bb6 27.
Rc3 Rd8 28. h3 Rd1+ 29. Kh2 Bxe3 30. fxe3 Rd2 31. Rc2 Rxc2 32. Bxc2 a5 33. Kg3
Kf8 34. Kf3 f5 35. g3 Ke7 36. h4 Kd6 37. e4 fxe4+ 38. Kxe4 gxh4 39. gxh4 Kc5
40. a3 Bd5+ 41. Ke5 Bf7 42. Kf6 Be8 43. Kg7 h5 44. Bg6 Bxg6 45. Kxg6 Kd4 46. b4
axb4 47. axb4 Kc4 48. Kxh5 Kxb4 49. Kg6 1-0

[Event "13. Lichtenberger Sommer"]
[Site "?"]
[Date "2014.08.20"]
[Round "5.103"]
[White "Schmidt, Tim Lucas"]
[Black "Pöcheim, Stephan"]
[Result "1/2-1/2"]
[WhiteElo "1239"]
[BlackElo "1530"]
[PlyCount "70"]
[EventDate "2014.??.??"]
[WhiteTeam "1. Schachclub Anhalt"]
[BlackTeam "Sfrd. Berlin 1903 e.V."]

1. e4 g6 2. d4 Bg7 3. Nc3 d6 4. Nf3 Nc6 5. h3 e5 6. d5 Nce7 7. Bg5 Bd7 8. Qd2
a6 9. Bd3 Qc8 10. O-O-O f6 11. Be3 f5 12. exf5 Nxf5 13. Bxf5 Bxf5 14. g4 Bd7
15. Nh2 Nf6 16. f4 exf4 17. Bxf4 O-O 18. Bh6 Rf7 19. Bxg7 Kxg7 20. Qd4 Kg8 21.
Rhf1 Qf8 22. Rf2 Qh6+ 23. Kb1 Raf8 24. Rdf1 Qxh3 25. Rxf6 Qxh2 26. a3 Rxf6 27.
Rxf6 Rxf6 28. Qxf6 Qg1+ 29. Ka2 Qxg4 30. Qe7 Qc4+ 31. Kb1 Bf5 32. b3 Qxc3 33.
Qe8+ Kg7 34. Qe7+ Kh6 35. Qh4+ Kg7 1/2-1/2

[Event "13. Lichtenberger Sommer"]
[Site "?"]
[Date "2014.08.20"]
[Round "5.104"]
[White "Karge, Ole Jannes"]
[Black "Koerber, Bernhard"]
[Result "0-1"]
[WhiteElo "1494"]
[BlackElo "1640"]
[PlyCount "114"]
[EventDate "2014.??.??"]
[WhiteTeam "SV Mattnetz Berlin e.V."]
[BlackTeam "SG Lasker Steglitz-Wilmersdorf"]

1. e4 e6 2. Nc3 d5 3. d4 Bb4 4. e5 c5 5. Be3 Qc7 6. a3 Bxc3+ 7. bxc3 Nc6 8. f4
Nge7 9. Bd3 Qa5 10. Qd2 cxd4 11. cxd4 Qxd2+ 12. Kxd2 Nf5 13. Bxf5 exf5 14. Nf3
O-O 15. Ke2 f6 16. Rad1 Be6 17. h4 Rac8 18. Rd2 Na5 19. Ne1 Nc4 20. Rd3 Rc6 21.
Rh3 Kf7 22. Bd2 Rfc8 23. Bb4 a5 24. Bc5 b6 25. Bd6 Nxd6 26. exd6 Rxd6 27. Rc3
Rdc6 28. Kd2 Rc4 29. Rhe3 Rxd4+ 30. Nd3 Rdc4 31. Rxc4 Rxc4 32. g3 b5 33. Nb2
Re4 34. Rb3 Bd7 35. Nd1 Re8 36. Nc3 Bc6 37. Nxb5 Rd8 38. Nd4 Bd7 39. Rb7 Kg6
40. Nb3 a4 41. Nc5 Bc6 42. Rxg7+ Kxg7 43. Ne6+ Kg6 44. Nxd8 Bd7 45. Ke3 Kh5 46.
Kf3 d4 47. Nf7 Bc6+ 48. Kf2 Be4 49. Nd6 Bxc2 50. Nb5 d3 51. Nc3 Kg4 52. Nd5 d2
53. Ne3+ Kh3 54. Ke2 d1=Q+ 55. Nxd1 Bxd1+ 56. Kxd1 Kxg3 57. Kc2 Kxf4 0-1

[Event "13. Lichtenberger Sommer"]
[Site "?"]
[Date "2014.08.20"]
[Round "5.105"]
[White "Kuhr, Stefan"]
[Black "Eichstädt, Torsten"]
[Result "1-0"]
[WhiteElo "1611"]
[BlackElo "967"]
[PlyCount "35"]
[EventDate "2014.??.??"]
[WhiteTeam "SC Zugzwang 95 e.V."]
[BlackTeam "SC Friesen Lichtenberg e.V."]

1. c4 c6 2. d4 d5 3. Nc3 Nf6 4. e3 c5 5. dxc5 e6 6. b4 Nc6 7. a3 Be7 8. Nf3 O-O
9. Bb2 Ne4 10. cxd5 exd5 11. Nxd5 Be6 12. Nxe7+ Qxe7 13. Be2 Rad8 14. Qc2 Bd5
15. O-O Ng5 16. Qc3 Nxf3+ 17. Bxf3 Ne5 18. Qxe5 1-0

[Event "13. Lichtenberger Sommer"]
[Site "?"]
[Date "2014.08.20"]
[Round "5.106"]
[White "Lippianowski, Stefan"]
[Black "Schmole-Rostosky, Joachim"]
[Result "0-1"]
[WhiteElo "1220"]
[BlackElo "1650"]
[PlyCount "82"]
[EventDate "2014.??.??"]
[WhiteTeam "SV Mattnetz Berlin e.V."]
[BlackTeam "SF Schwarz-Weiß Merzhausen"]

1. e4 e6 2. d4 d5 3. Bb5+ c6 4. Bd3 Be7 5. exd5 exd5 6. Bf4 Nf6 7. h3 h6 8. Be5
Nbd7 9. Nf3 O-O 10. Qe2 Re8 11. Nc3 Bb4 12. Qd2 Bd6 13. O-O-O Bxe5 14. Nxe5
Nxe5 15. dxe5 Rxe5 16. f4 Re8 17. g4 d4 18. g5 dxc3 19. Qxc3 Nd5 20. Qd2 Qd6
21. Rde1 Bd7 22. f5 Qf4 23. gxh6 Rxe1+ 24. Rxe1 Qxd2+ 25. Kxd2 gxh6 26. c4 Nf6
27. Rg1+ Kf8 28. Rc1 Re8 29. Rf1 Ne4+ 30. Bxe4 Rxe4 31. Kd3 Re5 32. f6 Rf5 33.
Rd1 Rxf6 34. Kc3 Rf3+ 35. Kb4 Bxh3 36. Rd8+ Ke7 37. Ra8 Be6 38. Rxa7 Rd3 39.
Rxb7+ Rd7 40. Rb8 h5 41. Rc8 Rb7+ 0-1

[Event "13. Lichtenberger Sommer"]
[Site "?"]
[Date "2014.08.20"]
[Round "5.107"]
[White "Tschirschwitz, Stephan"]
[Black "Gazaev, Ansor"]
[Result "1-0"]
[WhiteElo "1604"]
[BlackElo "700"]
[PlyCount "103"]
[EventDate "2014.??.??"]
[WhiteTeam "SG Lasker Steglitz-Wilmersdorf"]
[BlackTeam "SC Friesen Lichtenberg e.V."]

1. d4 d5 2. c4 e6 3. Nf3 Nc6 4. e3 Bd6 5. Nc3 Nf6 6. Bd3 Ne4 7. Nxe4 dxe4 8.
Bxe4 O-O 9. O-O e5 10. Bxc6 bxc6 11. c5 e4 12. cxd6 exf3 13. dxc7 Qxc7 14. Qxf3
Rb8 15. b3 Bd7 16. Ba3 Rfe8 17. Bc5 h6 18. Rfe1 Qa5 19. b4 Qa4 20. Qd1 Qa6 21.
Qc2 Be6 22. a4 Qc4 23. Qxc4 Bxc4 24. e4 a6 25. f3 g5 26. a5 Bb5 27. d5 cxd5 28.
exd5 Re2 29. Rxe2 Bxe2 30. Kf2 Re8 31. Re1 Bb5 32. Rxe8+ Bxe8 33. d6 Bd7 34.
Ke3 Kg7 35. Ke4 Kf6 36. g3 Bc6+ 37. Ke3 Ke5 38. f4+ Kd5 39. fxg5 hxg5 40. h4
Kc4 41. hxg5 Kd5 42. Kf4 Ke6 43. Kg4 Bd7 44. Kh5 Kf5 45. g4+ Kf4 46. g6 fxg6+
47. Kxg6 Kxg4 48. Kf6 Bb5 49. Ke7 Kf5 50. d7 Bxd7 51. Kxd7 Ke5 52. Kc6 1-0

[Event "13. Lichtenberger Sommer"]
[Site "?"]
[Date "2014.08.20"]
[Round "5.108"]
[White "Stiemerling, Karl-Heinz"]
[Black "Wicklein, Christian"]
[Result "0-1"]
[WhiteElo "1579"]
[BlackElo "1413"]
[PlyCount "96"]
[EventDate "2014.??.??"]
[WhiteTeam "SG Eckturm"]
[BlackTeam "vereinslos"]

1. d4 f5 2. c4 Nf6 3. Nc3 e6 4. Nf3 Be7 5. g3 b6 6. Bg2 Bb7 7. O-O O-O 8. Bg5
d6 9. h3 Nbd7 10. d5 e5 11. Qc2 h6 12. Bxf6 Rxf6 13. Nh4 e4 14. Nxf5 Rxf5 15.
Bxe4 Rf8 16. Bf5 Ne5 17. f4 Nxc4 18. Be6+ Kh8 19. Rf3 Bc8 20. Bxc8 Qxc8 21. b3
Na5 22. Kg2 Qd7 23. Rc1 Rac8 24. Ne4 c6 25. dxc6 Rxc6 26. Qd2 Rxc1 27. Qxc1 d5
28. Qd2 Rd8 29. Nf2 Nc6 30. Nd3 Bf6 31. g4 Re8 32. e3 Qe7 33. Ne5 Nxe5 34. fxe5
Qxe5 35. Rf5 Qxe3 36. Qxd5 Qe4+ 37. Qxe4 Rxe4 38. Rf2 Kg8 39. Kf3 Rd4 40. Rc2
Rd3+ 41. Kg2 Be5 42. Rc8+ Kf7 43. Rc2 Rg3+ 44. Kf1 Rxh3 45. Rf2+ Ke6 46. Kg2
Rh2+ 47. Kf3 Rxf2+ 48. Kxf2 Kd5 0-1

[Event "13. Lichtenberger Sommer"]
[Site "?"]
[Date "2014.08.20"]
[Round "5.109"]
[White "Leyrer, Edgar"]
[Black "Möller, Dirk"]
[Result "0-1"]
[WhiteElo "1610"]
[BlackElo "1624"]
[PlyCount "71"]
[EventDate "2014.??.??"]
[WhiteTeam "SV Königsjäger Süd-West e.V."]
[BlackTeam "SC Kreuzberg e.V."]

1. d4 f5 2. c4 Nf6 3. Nc3 e6 4. Nf3 Be7 5. g3 O-O 6. Bg2 d6 7. O-O a5 8. Qc2
Na6 9. a3 c5 10. e3 Rb8 11. e4 fxe4 12. Nxe4 Nxe4 13. Qxe4 cxd4 14. Nxd4 Nc5
15. Qc2 e5 16. Nb3 Bf5 17. Qc3 b6 18. Re1 Bf6 19. Nxc5 e4 20. Qc2 bxc5 21. Bxe4
Bxe4 22. Rxe4 Bd4 23. Be3 Rxb2 24. Qc1 Bxe3 25. Qxe3 Rbxf2 26. Rf4 R2xf4 27.
gxf4 Qf6 28. Rf1 Qg6+ 29. Kh1 Re8 30. Qd2 Qe4+ 31. Kg1 Re6 32. f5 Rf6 33. Qxa5
Qg4+ 34. Kh1 Qxc4 35. Qd8+ Rf8 36. Qxd6 0-1

[Event "13. Lichtenberger Sommer"]
[Site "?"]
[Date "2014.08.20"]
[Round "5.110"]
[White "Pilgrim, Wilfried"]
[Black "Aizpurua Zufiria, Inaki"]
[Result "0-1"]
[WhiteElo "1459"]
[BlackElo "1545"]
[PlyCount "106"]
[EventDate "2014.??.??"]
[WhiteTeam "SC Kreuzberg e.V."]
[BlackTeam "Gros Xake Taldea"]

1. Nf3 d5 2. d4 Nf6 3. g3 e6 4. Bg2 c5 5. a3 Nc6 6. dxc5 Bxc5 7. b4 Be7 8. Bb2
O-O 9. e3 a6 10. Nbd2 b5 11. O-O Bb7 12. Nd4 Rc8 13. N2b3 Qc7 14. Rc1 Nd7 15.
Nxc6 Bxc6 16. f4 Nb6 17. Qg4 g6 18. Na5 Nd7 19. Nxc6 Qxc6 20. f5 Bf6 21. Bxf6
Nxf6 22. Qg5 exf5 23. Rxf5 Ne8 24. Bxd5 Qc3 25. Rcf1 Rc7 26. Bb3 Kg7 27. R5f3
h6 28. Qg4 Qe5 29. Qf4 Qxf4 30. Rxf4 Nd6 31. e4 Re7 32. Re1 Rfe8 33. Bd5 f5 34.
Bc6 Rc8 35. Bd5 Rce8 36. Bc6 Rxe4 37. Rexe4 Rxe4 38. Bxe4 Nxe4 39. Kg2 Kf6 40.
g4 Ke5 41. Kf3 Nd6 42. h4 g5 43. hxg5 hxg5 44. Rxf5+ Nxf5 45. gxf5 Kxf5 46. Kg3
g4 47. c3 Ke4 48. Kxg4 Kd3 49. Kf4 Kxc3 50. Ke4 Kb3 51. Kd4 Kxa3 52. Kc3 Ka4
53. Kb2 Kxb4 0-1

[Event "13. Lichtenberger Sommer"]
[Site "?"]
[Date "2014.08.20"]
[Round "5.111"]
[White "Kammler, Hans-Joachim"]
[Black "Dittrich, Hans-Jürgen"]
[Result "1/2-1/2"]
[WhiteElo "1504"]
[BlackElo "1166"]
[PlyCount "47"]
[EventDate "2014.??.??"]
[BlackTeam "vereinslos"]

1. e4 e5 2. Nf3 Nc6 3. Bb5 Nge7 4. c3 a6 5. Ba4 b5 6. Bb3 d5 7. exd5 Nxd5 8.
O-O Be7 9. Re1 Bf6 10. d3 O-O 11. Nbd2 Nce7 12. Ne4 Ng6 13. Bc2 Bf5 14. Ng3 Qd7
15. Nxf5 Qxf5 16. Re4 Rad8 17. Qe2 Rfe8 18. Bd2 Qe6 19. Bb3 Qd7 20. Bc2 h6 21.
Rd1 Ngf4 22. Bxf4 exf4 23. Rxe8+ Rxe8 24. Qd2 1/2-1/2

[Event "13. Lichtenberger Sommer"]
[Site "?"]
[Date "2014.08.20"]
[Round "5.112"]
[White "Fontaine, Constantin"]
[Black "Kossuewa, Aminat"]
[Result "1-0"]
[WhiteElo "1580"]
[BlackElo "785"]
[PlyCount "65"]
[EventDate "2014.??.??"]
[WhiteTeam "SK Tempelhof 1931 e.V."]
[BlackTeam "SC Friesen Lichtenberg e.V."]

1. e4 e5 2. Nf3 Nc6 3. Bb5 Nf6 4. O-O Bc5 5. Bxc6 bxc6 6. Nxe5 Qe7 7. d4 Bb6 8.
Bg5 h6 9. Bh4 O-O 10. Ng4 d6 11. Nxf6+ gxf6 12. Re1 Rd8 13. c3 c5 14. Qf3 Re8
15. Bxf6 Qf8 16. Re3 cxd4 17. cxd4 c5 18. Qg3+ Kh7 19. Qh4 Bd8 20. Bxd8 Rxd8
21. d5 Re8 22. Nd2 Bd7 23. Nc4 f5 24. e5 f4 25. Ree1 Qg8 26. e6 f3 27. Qe4+ Kh8
28. Qxf3 Rab8 29. Nxd6 Rf8 30. Qc3+ Qg7 31. Qxg7+ Kxg7 32. exd7 Rf6 33. Ne8+
1-0

[Event "13. Lichtenberger Sommer"]
[Site "?"]
[Date "2014.08.20"]
[Round "5.113"]
[White "Kossuewa, Fatima"]
[Black "Walther, Lothar"]
[Result "1-0"]
[WhiteElo "797"]
[BlackElo "1530"]
[PlyCount "103"]
[EventDate "2014.??.??"]
[WhiteTeam "SC Friesen Lichtenberg e.V."]
[BlackTeam "SV Turbine Berlin e.V."]

1. e4 e6 2. d4 d5 3. exd5 exd5 4. Bd3 Nf6 5. Nc3 c5 6. Nf3 c4 7. Be2 Bb4 8. Bd2
O-O 9. O-O a6 10. Ne5 Nbd7 11. Bg4 Nxe5 12. Bxc8 Rxc8 13. dxe5 Bxc3 14. Bxc3
Ne4 15. Bb4 Re8 16. f3 Qb6+ 17. Kh1 Nf2+ 18. Rxf2 Qxf2 19. Be1 Qb6 20. f4 Qb5
21. h3 Re6 22. Bg3 f5 23. Bf2 Rce8 24. Kh2 Qc6 25. Qf3 b5 26. Rd1 Rd8 27. c3
Rd7 28. g4 fxg4 29. Qxg4 Rg6 30. Qf3 Re6 31. Rg1 Rf7 32. Bd4 Rf5 33. Qg4 Rf7
34. f5 Rh6 35. e6 Qd6+ 36. Rg3 Qxg3+ 37. Kxg3 Rb7 38. f6 Rg6 39. f7+ Kf8 40.
Qxg6 hxg6 41. Kg4 Rc7 42. Kg5 a5 43. Kxg6 b4 44. Bxg7+ Ke7 45. f8=Q+ Kxe6 46.
Qf5+ Ke7 47. Qe5+ Kd7 48. Qxd5+ Kc8 49. Qxa5 Rc6+ 50. Bf6 Kd7 51. Qd8+ Ke6 52.
Qe7+ 1-0

[Event "13. Lichtenberger Sommer"]
[Site "?"]
[Date "2014.08.21"]
[Round "6.6"]
[White "Kapp, Martin"]
[Black "Moreno Tejera, Emilio"]
[Result "0-1"]
[WhiteElo "2201"]
[BlackElo "2435"]
[PlyCount "92"]
[EventDate "2014.??.??"]
[WhiteTeam "Schachverein Erzgebirge Stollber"]
[BlackTeam "Sfrd. Berlin 1903 e.V."]

1. d4 f5 2. Nf3 Nf6 3. c4 g6 4. g3 Bg7 5. Bg2 O-O 6. O-O d6 7. Nc3 c6 8. Qb3
Kh8 9. Rd1 Qe8 10. Qa3 Ne4 11. Nxe4 fxe4 12. Ng5 d5 13. Bf4 h6 14. Nh3 Nd7 15.
cxd5 cxd5 16. Rac1 g5 17. Be3 Nb6 18. Rc7 Bd7 19. b3 Qh5 20. Rxd7 Nxd7 21. Qxe7
Rf7 22. Qe6 Nf6 23. f3 Re8 24. Qf5 exf3 25. Bxf3 g4 26. Qxh5 Nxh5 27. Bxd5 Rd7
28. Nf2 Rxe3 29. Nxg4 Rxe2 30. Bf3 Rxa2 31. d5 Ra1 32. Rxa1 Bxa1 33. Nxh6 Nf6
34. d6 Be5 35. g4 Bxd6 36. g5 Ng8 37. Nf5 Ne7 38. Nh6 Ng6 39. Nf5 Rf7 40. Be4
Bc5+ 41. Kh1 Ne7 42. Ng3 Bd6 43. Kg2 Rf4 44. h3 Rh4 45. Bc2 Bc7 46. Kh2 Rd4 0-1

[Event "13. Lichtenberger Sommer"]
[Site "?"]
[Date "2014.08.21"]
[Round "6.16"]
[White "Heinig, Wolfram"]
[Black "Kupfer, Michael"]
[Result "1-0"]
[WhiteElo "2299"]
[BlackElo "2059"]
[PlyCount "95"]
[EventDate "2014.??.??"]
[WhiteTeam "SK Zehlendorf e.V."]
[BlackTeam "SC Friesen Lichtenberg e.V."]

1. d4 d5 2. c4 e6 3. Nf3 c5 4. cxd5 exd5 5. Nc3 Nc6 6. g3 Nf6 7. Bg2 Be7 8. O-O
O-O 9. b3 Bg4 10. dxc5 Bxc5 11. Bb2 a6 12. Rc1 Ba7 13. h3 Bxf3 14. Bxf3 Qd6 15.
Kg2 Rad8 16. Qd3 Qe6 17. e3 h5 18. Ne2 Ne5 19. Bxe5 Qxe5 20. Qc3 Qd6 21. Qc7
Qb4 22. Qc3 Qd6 23. h4 Rfe8 24. Rfd1 Ne4 25. Bxe4 Rxe4 26. Qc7 Qf6 27. Nf4 Bxe3
28. fxe3 Rxe3 29. Rd3 Rde8 30. Rxe3 Rxe3 31. Rf1 Rc3 32. Nxd5 Rxc7 33. Rxf6 Rd7
34. Rf5 f6 35. Nc3 Kf7 36. Rd5 Rc7 37. Rd3 g5 38. Kf3 Ke6 39. Re3+ Kf7 40. Nd5
Rc2 41. Re7+ Kg6 42. Rxb7 g4+ 43. Ke3 Rxa2 44. Rb6 a5 45. Nxf6 a4 46. Nxg4+ Kg7
47. Nf6 Ra3 48. Kd4 1-0

[Event "13. Lichtenberger Sommer"]
[Site "?"]
[Date "2014.08.21"]
[Round "6.21"]
[White "Wiebe, Patrick"]
[Black "Fartmann, Oliver"]
[Result "1-0"]
[WhiteElo "2176"]
[BlackElo "1927"]
[PlyCount "49"]
[EventDate "2014.??.??"]
[WhiteTeam "SK Nordhorn-Blanke"]
[BlackTeam "SV Mattnetz Berlin e.V."]

1. Nf3 Nf6 2. g3 g6 3. Bg2 Bg7 4. c4 O-O 5. O-O d6 6. Nc3 e5 7. d3 c5 8. Ne1
Nc6 9. Nc2 Ne8 10. a3 Be6 11. Rb1 Qd7 12. b4 Rb8 13. Ne4 Qe7 14. Nc3 Qd7 15.
Ne3 f5 16. Ned5 Nf6 17. Bg5 Ng4 18. Qa4 h6 19. Ne7+ Kh7 20. Nxc6 bxc6 21. Bxc6
Qf7 22. Bd2 f4 23. f3 Ne3 24. Bxe3 fxe3 25. Bd5 1-0

[Event "13. Lichtenberger Sommer"]
[Site "?"]
[Date "2014.08.21"]
[Round "6.22"]
[White "Amelang, Thomas"]
[Black "Zur, Jan"]
[Result "1-0"]
[WhiteElo "2109"]
[BlackElo "2088"]
[PlyCount "93"]
[EventDate "2014.??.??"]
[WhiteTeam "SK Siemens München"]
[BlackTeam "SC Zugzwang 95 e.V."]

1. e4 e5 2. Nf3 Nf6 3. Nxe5 d6 4. Nf3 Nxe4 5. Qe2 Qe7 6. d3 Nf6 7. Bg5 Be6 8.
Nc3 h6 9. Bh4 g5 10. Bg3 Nc6 11. O-O-O a6 12. a3 O-O-O 13. d4 d5 14. Ne5 Nxe5
15. Bxe5 Rg8 16. Qd3 Nd7 17. Bg3 Nb6 18. Na2 Qd7 19. Qc3 f5 20. f4 Bd6 21. Nb4
gxf4 22. Bh4 Rde8 23. Bf6 Rg6 24. Be5 Bf7 25. Nd3 Nc4 26. Bxf4 Rge6 27. Bxd6
Qxd6 28. Nc5 Qf4+ 29. Kb1 Re3 30. Bd3 Nd6 31. Qb4 b6 32. Bxa6+ Kd8 33. Nd3 Qe4
34. Ne5 Ke7 35. Rhf1 Bh5 36. Rde1 c5 37. Qd2 cxd4 38. Rxe3 dxe3 39. Qc3 Ke6 40.
Nc6 e2 41. Re1 Kf7 42. Bd3 Qe3 43. Nd4 Ne4 44. Qc7+ Kf6 45. Qxb6+ Ke5 46. Nf3+
Kf4 47. Qxh6+ 1-0

[Event "13. Lichtenberger Sommer"]
[Site "?"]
[Date "2014.08.21"]
[Round "6.23"]
[White "Zschäbitz, Klaus"]
[Black "Kreutzkamp, Hans-Rudolf"]
[Result "1/2-1/2"]
[WhiteElo "2064"]
[BlackElo "2186"]
[PlyCount "120"]
[EventDate "2014.??.??"]
[WhiteTeam "BSG 1827 Eckbauer e.V."]
[BlackTeam "SK Union Eimsbuettel eV"]

1. g3 Nf6 2. Bg2 g6 3. c4 c5 4. Nc3 Bg7 5. e4 Nc6 6. Nge2 e5 7. d3 h6 8. O-O d6
9. Rb1 Be6 10. h3 Qd7 11. Kh2 O-O 12. Nd5 Nd4 13. Bxh6 Bxd5 14. Bxg7 Kxg7 15.
cxd5 Rh8 16. f3 g5 17. Nxd4 cxd4 18. Kg1 Qe7 19. Rc1 Rac8 20. Qd2 Nd7 21. Rxc8
Rxc8 22. f4 exf4 23. gxf4 gxf4 24. Rxf4 Ne5 25. Kh2 Qg5 26. Rf2 Qxd2 27. Rxd2
Rc1 28. Kg3 b5 29. Kf2 a5 30. Bf3 b4 31. Bd1 Kf6 32. Ke2 Rc8 33. Ke1 Kg5 34.
Rg2+ Kf4 35. Kd2 Rh8 36. Bg4 Rh6 37. Rg1 Rxh3 38. Bxh3 Nf3+ 39. Kc2 Nxg1 40.
Bd7 f6 41. Kb3 Ke3 42. Bb5 Ne2 43. a3 Nc1+ 44. Kc2 bxa3 45. bxa3 Ne2 46. Ba6
Nf4 47. Bb5 Ng2 48. Kd1 Nf4 49. Kc2 Ke2 50. Kb3 Kd2 51. Ka4 Nxd3 52. Kxa5 Nc5
53. Kb6 Ke3 54. Kc6 Nxe4 55. a4 d3 56. Bxd3 Kxd3 57. a5 Nc5 58. Kxd6 Ke4 59. a6
Nxa6 60. Ke6 Nc5+ 1/2-1/2

[Event "13. Lichtenberger Sommer"]
[Site "?"]
[Date "2014.08.21"]
[Round "6.24"]
[White "Osten, David"]
[Black "Jaeschke, Jens-Uwe"]
[Result "0-1"]
[WhiteElo "1733"]
[BlackElo "2130"]
[PlyCount "70"]
[EventDate "2014.??.??"]
[WhiteTeam "SF Friedrichshagen"]
[BlackTeam "Sfr.Nord-Ost Berlin"]

1. e4 e5 2. f4 exf4 3. Nf3 g5 4. h4 g4 5. Ne5 d6 6. Nxg4 Nf6 7. Nxf6+ Qxf6 8.
Nc3 Nc6 9. Nd5 Qg6 10. d3 Qg3+ 11. Kd2 Nb4 12. Nxb4 Qe3+ 13. Kc3 Bg7+ 14. Kb3
Qb6 15. c3 a5 16. Kc2 axb4 17. Qf3 bxc3 18. bxc3 Be6 19. d4 Bxa2 20. Bb2 Bb3+
21. Kc1 Rxa1+ 22. Bxa1 O-O 23. Bd3 c5 24. e5 Ra8 25. Bb2 cxd4 26. cxd4 dxe5 27.
dxe5 Qc5+ 28. Kd2 Qb4+ 29. Ke2 Rd8 30. Qe4 Bc4 31. Bd4 Bxd3+ 32. Kxd3 Qb5+ 33.
Kc3 Bf8 34. Rb1 Rc8+ 35. Kd2 Bb4+ 0-1

[Event "13. Lichtenberger Sommer"]
[Site "?"]
[Date "2014.08.21"]
[Round "6.25"]
[White "Keil, Uwe"]
[Black "Alcer, Fabian"]
[Result "1-0"]
[WhiteElo "2132"]
[BlackElo "1760"]
[PlyCount "91"]
[EventDate "2014.??.??"]
[WhiteTeam "SC Friesen Lichtenberg e.V."]
[BlackTeam "SV Empor Berlin e.V."]

1. e4 e5 2. Nf3 Nc6 3. Bb5 a6 4. Ba4 Nf6 5. d3 b5 6. Bb3 Be7 7. c3 O-O 8. O-O
d6 9. Nbd2 Na5 10. Bc2 c5 11. Re1 Re8 12. Nf1 Bf8 13. Ng3 g6 14. h3 Bg7 15. Bg5
h6 16. Bd2 Be6 17. b3 Nc6 18. Be3 Qe7 19. Qd2 Kh7 20. d4 cxd4 21. cxd4 exd4 22.
Nxd4 Bd7 23. Rad1 Nxd4 24. Bxd4 Bf8 25. Qf4 Ng8 26. e5 dxe5 27. Rxe5 Be6 28.
Rde1 Qc7 29. Qe4 Rac8 30. Bd3 Bg7 31. Rc5 Qd7 32. Rxc8 Rxc8 33. Bxg7 Kxg7 34.
Qe5+ Nf6 35. Ne4 Qxd3 36. Qxf6+ Kg8 37. Qf4 Kg7 38. Nd6 Rc5 39. Rxe6 fxe6 40.
Qf7+ Kh8 41. Qf6+ Kh7 42. Qe7+ Kg8 43. Ne8 Rc1+ 44. Kh2 Qc3 45. Nf6+ Kh8 46.
Qh7# 1-0

[Event "13. Lichtenberger Sommer"]
[Site "?"]
[Date "2014.08.21"]
[Round "6.26"]
[White "Brümmel, Arend"]
[Black "Meyer, Ulrich"]
[Result "1-0"]
[WhiteElo "2132"]
[BlackElo "2007"]
[PlyCount "67"]
[EventDate "2014.??.??"]
[WhiteTeam "Stader SV"]
[BlackTeam "Schachklub Münster 32 e.V."]

1. d4 d5 2. c4 e6 3. Nc3 c5 4. cxd5 cxd4 5. Qa4+ Bd7 6. Qxd4 exd5 7. Qxd5 Nc6
8. Nf3 Nf6 9. Qd1 Qb6 10. e3 Rd8 11. a3 Na5 12. b4 Nc6 13. Qc2 Bd6 14. Ne4 Nxe4
15. Qxe4+ Ne7 16. Qd4 Qc7 17. Bb2 f6 18. Bc4 Bc6 19. Qg4 Ng6 20. Rc1 Qe7 21.
O-O Bd7 22. Qh5 Be6 23. Bb5+ Bd7 24. Bd3 Qf7 25. Qa5 Bb8 26. Bc4 Qe7 27. Rfd1
Nf8 28. Nh4 Qe4 29. Qh5+ Ng6 30. Nxg6 Qxg6 31. Qc5 Qf5 32. Rd5 Qe4 33. Rcd1 Qe7
34. Rxd7 1-0

[Event "13. Lichtenberger Sommer"]
[Site "?"]
[Date "2014.08.21"]
[Round "6.27"]
[White "Simon, Ralf-Axel"]
[Black "Meyer-Dunker, Paul"]
[Result "1-0"]
[WhiteElo "2173"]
[BlackElo "1912"]
[PlyCount "61"]
[EventDate "2014.??.??"]
[WhiteTeam "TSG Neuruppin"]
[BlackTeam "SC Friesen Lichtenberg e.V."]

1. Nf3 Nf6 2. c4 e6 3. Nc3 d5 4. d4 dxc4 5. e4 a6 6. e5 Nd5 7. Bxc4 Nxc3 8.
bxc3 b5 9. Bd3 Bb7 10. a4 Qd5 11. Qe2 bxa4 12. O-O Be7 13. c4 Qd7 14. Be4 c5
15. d5 exd5 16. cxd5 f5 17. exf6 Bxf6 18. Rxa4 O-O 19. Qc2 Bxd5 20. Bxh7+ Kh8
21. Rd1 Qc6 22. Rxd5 Qxd5 23. Be4 Qd6 24. Bxa8 Nd7 25. Be4 Rd8 26. g3 c4 27.
Rxc4 Nb6 28. Rc6 Qb4 29. Bd2 Qb5 30. Rc5 Qe2 31. Qb3 1-0

[Event "13. Lichtenberger Sommer"]
[Site "?"]
[Date "2014.08.21"]
[Round "6.28"]
[White "Krefenstein, Sergej"]
[Black "Khorolskyi, Borys"]
[Result "1-0"]
[WhiteElo "2094"]
[BlackElo "1879"]
[PlyCount "73"]
[EventDate "2014.??.??"]
[WhiteTeam "TuS Makkabi Berlin e.V."]
[BlackTeam "vereinslos"]

1. d4 Nf6 2. c4 g6 3. Nc3 Bg7 4. e4 d6 5. Be2 O-O 6. Bg5 h6 7. Be3 e6 8. Nf3
Nc6 9. h3 e5 10. d5 Ne7 11. c5 Ne8 12. cxd6 Nxd6 13. Qd2 Kh7 14. g4 f5 15. exf5
gxf5 16. g5 f4 17. Bc5 Bf5 18. Nh4 hxg5 19. Nxf5 Nexf5 20. Bd3 Kh8 21. O-O-O
Qf6 22. f3 b6 23. Bf2 e4 24. Nxe4 Nxe4 25. Bxe4 Rad8 26. h4 Nxh4 27. Rdg1 c6
28. Rxg5 Qxg5 29. Bxh4 Qh6 30. Rh2 Kg8 31. Bxd8 Qd6 32. Bh4 Qc5+ 33. Kb1 Rf7
34. Bf2 Qb5 35. Rh1 Rd7 36. Rd1 Kf8 37. Qxf4+ 1-0

[Event "13. Lichtenberger Sommer"]
[Site "?"]
[Date "2014.08.21"]
[Round "6.29"]
[White "Keusch, Horst"]
[Black "Schäfer, Heiko"]
[Result "0-1"]
[WhiteElo "2021"]
[BlackElo "2064"]
[PlyCount "31"]
[EventDate "2014.??.??"]
[WhiteTeam "SC Friesen Lichtenberg e.V."]
[BlackTeam "Potsdamer SV Mitte e.V."]

1. f4 d5 2. Nf3 g6 3. e3 Bg7 4. Be2 c5 5. d3 Nc6 6. O-O Nf6 7. Qe1 O-O 8. Qh4
Re8 9. Nc3 e5 10. fxe5 Nxe5 11. Nxe5 Rxe5 12. e4 dxe4 13. Bg5 exd3 14. Bxd3
Qd4+ 15. Qxd4 cxd4 16. Nb5 0-1